000 00268nam a2200109Ia 4500
008 220714s9999 xx 000 0 und d
020 _a9780798661249
082 _aST 338.4791 TALK
100 _aNo author, editors only
245 0 _aTalking to Tourists
942 _cBK
_w561
_xJohn Tresidder
_y561
_zJohn Tresidder
999 _c720051
_d720050